Harry Potter Pairs - Statistics

General Stats
  • This quiz has been taken 296 times
    287 since last reset
  • The average score is 26 of 36
Answer Stats
Hint Answer % Correct
Weasley Twins Fred
100%
Weasley Twins George
100%
Draco Malfoy's mates Gregory Goyle
93%
Potions Teachers Severus Snape
93%
Black Brothers Sirius
93%
Patil Twins Padma
92%
Draco Malfoy's mates Vincent Crabbe
92%
Patil Twins Parvati
88%
Freed House Elves Dobby
87%
Potions Teachers Horace Slughorn
87%
Black Brothers Regulus
87%
Evans Sisters Lily
85%
Harry's Broomsticks Nimbus 2000
85%
Evans Sisters Petunia
85%
Divination Teachers Sybill Trelawney
83%
Names for Hagrid's/Sirius' Hippogriff Buckbeak
81%
Countries in the Quidditch World Cup Final Ireland
77%
Harry's Broomsticks Firebolt
76%
Freed House Elves Winky
75%
Countries in the Quidditch World Cup Final Bulgaria
73%
Divination Teachers Firenze
72%
Lestrange Brothers Rodolphus
69%
Carrow Siblings Amycus
68%
Carrow Siblings Alecto
66%
Subjects in which Harry failed his O.W.L.s Divination
66%
Hogsmeade Inns The Three Broomsticks
60%
Hogsmeade Inns The Hog's Head
55%
Items stolen from Hepzibah Smith Hufflepuff's Cup
54%
Lestrange Brothers Rabastan
53%
Owners of the Dark Artifacts shop Caractacus Burke
50%
Subjects in which Harry failed his O.W.L.s History of Magic
50%
Owners of the Dark Artifacts shop Mr. Borgin
49%
Items stolen from Hepzibah Smith Slytherin's Locket
43%
World Cup Team Mascots Veela
43%
Names for Hagrid's/Sirius' Hippogriff Witherwings
37%
World Cup Team Mascots Leprechaun
36%
No matching quizzes found
Score Distribution
Percent of People with Each Score
Percentile by Number Answered
Your Score History
You have not taken this quiz since the last reset